Analýza vývoja využitia obnoviteľných a neobnoviteľných zdrojov energie diplomová práca

Salvato in:
Dettagli Bibliografici
Autore principale: Kollár, Andrej
Ente Autore: Fakulta hospodárskej informatiky EU. Katedra štatistiky
Altri autori: Sipková, Ľubica, 1962-
Natura: Libro
Lingua:slovacco
Pubblicazione: Bratislava 2019
Tags: Aggiungi Tag
Nessun Tag, puoi essere il primo ad aggiungerne!!

MARC

LEADER 00000nbm a2200000 4500
001 0254155
005 20191205140140.4
041 0 |a slo 
044 |a SK 
245 1 0 |a Analýza vývoja využitia obnoviteľných a neobnoviteľných zdrojov energie  |b diplomová práca  |c Andrej Kollár ; školiteľ: Ľubica Sipková 
264 1 |a Bratislava  |c 2019 
300 |a 70 s. 
100 1 |a Kollár, Andrej 
700 1 |a Sipková, Ľubica, 1962- 
710 2 |a Fakulta hospodárskej informatiky EU. Katedra štatistiky